000 00295 a2200157 4500
001 185628
020 _a
040 _cMagnum
100 _aMuricy, Andrade
240 1 0 _aB. Lopes
_lpor
245 1 0 _aB. Lopes
300 _a
362 0 _a1962
697 _aLITERATURA GERAL
942 _cBK
999 _c185628
_d185628